000 00383nam a22001697a 4500
003 UA-OsUOA
001 1661
007 ta
008 20050721b un ||||| |||| 00| 0 ukr d
100 _aBaring-Gould
700 _aWilliam S.
942 _cBK
040 _aUA-OsUOA
_cUA-OsUOA
_dUA-OsUOA
245 _aNero Wolfe of West Thirty-Fifth Street.
_bFiction
955 _a2
650 7 _2UDC
999 _c287823
_d287823